A carregar...
US financial aid and India's economic growth
| Autor principal: | |
|---|---|
| Formato: | Printed Book |
| Idioma: | English |
| Publicado em: |
New Delhi
Commonwealth
1988
|
| Assuntos: |
| LEADER | 00539nam a2200157 a 4500 | ||
|---|---|---|---|
| 005 | 20151028161958.0 | ||
| 008 | 960221s1955 dcuabcdjdbkoqu001 0deng d | ||
| 003 | ViArRB | ||
| 082 | |a 338.954 | ||
| 100 | |a Veena, Narain |9 15040 | ||
| 245 | |a US financial aid and India's economic growth | ||
| 653 | |a Impact of US financial aid on India's economic growth | ||
| 942 | |c BK |6 _ | ||
| 260 | |a New Delhi |b Commonwealth |c 1988 | ||
| 999 | |c 72908 |d 72908 | ||
| 952 | |0 0 |1 0 |2 ddc |4 0 |6 338954_M8 |7 0 |9 84887 |a SOS |b SOS |d 2010-01-02 |o 338.954 M8 |p MS005937 |r 2013-06-14 |w 2009-07-13 |y BK | ||